Welfare and work in the open economy: from vulnerability to competitiveness /
Gardado en:
| Autor Principal: | |
|---|---|
| Outros autores: | |
| Formato: | Desconocido |
| Idioma: | English |
| Publicado: |
Estados Unidos de América :
Oxford University Press
|
| Materias: | |
| Etiquetas: |
Engadir etiqueta
Sen Etiquetas, Sexa o primeiro en etiquetar este rexistro!
|
MARC
| LEADER | 00000 a2200000 04500 | ||
|---|---|---|---|
| 001 | 45721 | ||
| 003 | |||
| 008 | 050622s2000 -uso eng d | ||
| 040 | |||
| 020 | |a 0-19-924088-4 | ||
| 022 | |a 0-19-924088-4 | ||
| 041 | |a inglés | ||
| 090 | |a 0003 S311w | ||
| 100 | |a Scharpf, Fritz W., editor | ||
| 245 | |a Welfare and work in the open economy: |b from vulnerability to competitiveness / |c Fritz W. Scharpf, editor; Vivien A. Schmidt, editor | ||
| 260 | |a Estados Unidos de América : |b Oxford University Press | ||
| 300 | |a 403 páginas | ||
| 300 | |b fotografías | ||
| 650 | |a POLITICA ECONOMICA | ||
| 650 | |a ECONOMIA/ | ||
| 650 | |a GLOBALIZACION/ | ||
| 650 | |a CAPITALISMO/ | ||
| 650 | |a BIENESTAR SOCIAL/ | ||
| 650 | |a TRABAJO | ||
| 700 | |a Schmidt, Vivien A., editor | ||
| 999 | |c 11611 |d 11611 | ||



